|
|
|
|
| LEADER |
00000nam0a2200000 4500 |
| 001 |
51480 |
| 005 |
20231101211319.0 |
| 035 |
|
|
|a (RuTPU)RU\TPU\book\53902
|
| 090 |
|
|
|a 51480
|
| 100 |
|
|
|a 20030505d1985 km y0rusy50 ca
|
| 101 |
0 |
|
|a rus
|
| 102 |
|
|
|a RU
|
| 105 |
|
|
|a a z 001zy
|
| 200 |
1 |
|
|a Регулирование напряжения в электроэнергетических системах
|f В. А. Веников, В. И. Идельчик, М. С. Лисеев
|
| 210 |
|
|
|a Москва
|c Энергоатомиздат
|d 1985
|
| 215 |
|
|
|a 214 с.
|c ил.
|
| 320 |
|
|
|a Библиогр.: с. 209-212.
|
| 330 |
|
|
|a Регулирование напряжения в электроэнергетических системах рассматривается как функция автоматизированной системы диспетчерского управления. Задача регулирования напряжения и реактивной мощности сформулирована как оптимизационная энергетическая задача. Дана методика ее решения с помощью ЭВМ. Рассматриваются характеристики устройств, применяемых в электроэнергетических системах для регулирования напряжения и реактивной мощности, а также способы координированного управления ими. Для инженеров, занимающихся вопросами проектирования и эксплуатацией энергосистем, студентов и аспирантов вузов.
|
| 606 |
1 |
|
|a Электроэнергетические системы
|2 stltpush
|3 (RuTPU)RU\TPU\subj\21043
|9 46092
|
| 610 |
1 |
|
|a электроэнергетика
|
| 610 |
1 |
|
|a напряжение
|
| 610 |
1 |
|
|a регулирование
|
| 610 |
1 |
|
|a замкнутые сети
|
| 610 |
1 |
|
|a реактивная мощность
|
| 610 |
1 |
|
|a расчет
|
| 675 |
|
|
|a 621.311
|v 3
|
| 700 |
|
1 |
|a Веников
|b В. А.
|g Валентин Андреевич
|
| 701 |
|
1 |
|a Идельчик
|b В. И.
|g Виталий Исаакович
|
| 701 |
|
1 |
|a Лисеев
|b М. С.
|g Михаил Сергеевич
|
| 801 |
|
1 |
|a RU
|b 63413507
|c 20030505
|g PSBO
|
| 801 |
|
2 |
|a RU
|b 63413507
|c 20220322
|g PSBO
|
| 942 |
|
|
|c BK
|